书目信息 |
| 题名: |
中国科学技术政策指南
|
|
| 作者: | 国家科委 编 | |
| 分册: | ||
| 出版信息: | 北京 科学技术文献出版社 1987.12 |
|
| 页数: | 423页 | |
| 开本: | 26cm | |
| 丛书名: | ||
| 单 册: | ||
| 中图分类: | N012 | |
| 科图分类: | ||
| 主题词: | 科技政策 , 自然科学--科学研究--方针政策 , 自然科学--科学研究--方针 , 科学技术方针 , 自然科学--科学研究--法令 , 自然科学--科学研究--政策 | |
| 电子资源: | ||
| ISBN: | ||
| 000 | 00774nam0 2200253 45 | |
| 001 | 0312221749 | |
| 005 | 20031222170914.6 | |
| 010 | @dCNY12.35 | |
| 100 | @a20031222d1987 km y0chiy0120 ea | |
| 101 | @achi | |
| 105 | @a z 000yy | |
| 200 | 1 | @a中国科学技术政策指南@AZhong Guo Ke Xue Ji Shu Zheng Ce Zhi Nan@f国家科委编@FGuo Jia Ke Wei Bian@e科学技术白皮书第2号 |
| 210 | @a北京@c科学技术文献出版社@d1987.12 | |
| 215 | @a423页@d26cm | |
| 606 | 0 | @a科技政策 |
| 606 | 0 | @a自然科学@x科学研究@x方针政策 |
| 606 | 0 | @a自然科学@x科学研究@x方针 |
| 606 | 0 | @a科学技术方针 |
| 606 | 0 | @a自然科学@x科学研究@x法令 |
| 606 | 0 | @a自然科学@x科学研究@x政策 |
| 690 | @aN012@v3 | |
| 701 | 0 | @a国家科委@4编 |
| 801 | @aCN@bTSTCL@c20031222 | |
| 905 | @a213230@dN012@e42:2@b215994@f1 | |
| 中国科学技术政策指南/国家科委编:科学技术白皮书第2号.-北京:科学技术文献出版社,1987.12 |
| 423页;26cm |
| ISBN :CNY12.35 |
| ● |
| 相关链接 |
|
|
|
|
正题名:中国科学技术政策指南
索取号:N012/42:2
 
预约/预借
| 序号 | 登录号 | 条形码 | 馆藏地/架位号 | 状态 | 备注 |
| 1 | 0215994 | 000564473 | 第二样本阅览室/ [索取号:N012/42:2] | 在馆 |